Female Infanticide in india (Record no. 521368)

000 -LEADER
fixed length control field 00228nam a22000977a 4500
082 ## - DEWEY DECIMAL CLASSIFICATION NUMBER
Classification number TNC
100 ## - MAIN ENTRY--PERSONAL NAME
Personal name Pakrasi, B Kanti
9 (RLIN) 35115
245 ## - TITLE STATEMENT
Title Female Infanticide in india
260 ## - PUBLICATION, DISTRIBUTION, ETC. (IMPRINT)
Place of publication, distribution, etc Editions indian
Name of publisher, distributor, etc S. Ghatack
300 ## - PHYSICAL DESCRIPTION
Extent 304p.

No items available.

Powered by Koha